000 00247nam a2200109 a 4500
005 20140513081051.0
008 020606s19uu xx 00 eng d
050 _aP 611.84
_bEYE
245 _aEye (The).
650 _aEyes
_xPosters
999 _c116338
_d116338